Anuario estadístico 1975 /
Estadísticas socio-económicas de Nicaragua, correspondientes al periódo 1971-1975, continua las series presentadas en el compendio estadístico 1965-1974/ALLV
保存先:
| 共著者: | , |
|---|---|
| フォーマット: | テキスト |
| 出版事項: |
Managua:
Banco Central de Nicaragua
|
| 主題: | |
| タグ: |
タグ追加
タグなし, このレコードへの初めてのタグを付けませんか!
|
MARC
| LEADER | 00000 a a2200000 04500 | ||
|---|---|---|---|
| 001 | 19679 | ||
| 003 | |||
| 040 | |||
| 090 | |a 78700 | ||
| 110 | |a Banco Central de Nicaragua | ||
| 245 | |a Anuario estadístico 1975 / |c Banco Central de Nicaragua | ||
| 260 | |a Managua: |b Banco Central de Nicaragua | ||
| 300 | |a 393 p. | ||
| 520 | |a Estadísticas socio-económicas de Nicaragua, correspondientes al periódo 1971-1975, continua las series presentadas en el compendio estadístico 1965-1974/ALLV | ||
| 650 | |a INDICADORES ECONOMICOS | ||
| 650 | |a INDICADORES SOCIALES | ||
| 710 | |a Nicaragua. Ministerio de Economía, Industria y Comercio | ||
| 999 | |c 8645 |d 8645 | ||
